| 000 | 00678nam a22002417a 4500 | ||
|---|---|---|---|
| 001 | BR6000439 | ||
| 003 | BR-BrBNA | ||
| 005 | 20230928083025.0 | ||
| 007 | ta | ||
| 008 | 230509b bl.||||| |||| 00| 0 por d | ||
| 040 |
_aBR-BrBNA _bpor _cBiblioteca Nacional de Agricultura |
||
| 041 | _a(Por) | ||
| 072 |
_aE15 _b/G514 |
||
| 090 | _ E15 BR6000439 | ||
| 110 | 1 |
_aEscritorio de Pesquisa Economica Aplicada, Brasilia, DF (Brasil) _94417 |
|
| 245 | 1 |
_aCredito Agricola no Brasil _bVersao preliminar |
|
| 260 | 3 |
_aBrasilia, DF (Brasil): _c1966. |
|
| 300 | _a70 p. | ||
| 500 | _a21 tables | ||
| 650 | _aCREDITO AGRICOLA | ||
| 909 |
_a202309 _bLucia _c55 _dLucia Elande |
||
| 942 | _cBK | ||
| 999 |
_c11155 _d11155 |
||